Statistics for New York Giants 2016 Roster

Click here to take the quiz!

General Stats

  • This quiz has been taken 352 times
  • The average score is 17 of 53

Answer Stats

PositionPlayer% Correct
QBEli Manning
99%
WROdell Beckham Jr.
88%
WRVictor Cruz
73%
WRSterling Shepard
66%
SLandon Collins
64%
CBJanoris Jenkins
58%
DEJason Pierre-Paul
56%
RBRashad Jennings
55%
WRDwayne Harris
49%
CBEli Apple
48%
DEOlivier Vernon
48%
RBPaul Perkins
48%
DTDamon Harrison
47%
CBDominique Rodgers-Cromartie
43%
TEWill Tye
43%
GJustin Pugh
42%
TELarry Donnell
41%
TEreck Flowers
39%
QBJosh Johnson
37%
QBRyan Nassib
36%
RBOrleans Darkwa
35%
PBrad Wing
33%
WRRoger Lewis
32%
KRobbie Gould
31%
SAndrew Adams
30%
TEJerell Adams
29%
WRTavarres King
27%
DTJohnathan Hankins
26%
LBJonathan Casillas
24%
LSZak DeOssie
22%
FSDarian Thompson
21%
LBDevon Kennard
21%
GBobby Hart
18%
CBrett Jones
18%
GJohn Jerry
18%
TMarshall Newhouse
18%
DTRobert Thomas
17%
LBB.J. Goodson
16%
CBLeon Hall
16%
MLBKelvin Sheppard
15%
DERomeo Okwara
14%
RBBobby Rainey
13%
ILBKeenan Robinson
13%
LBMark Herzlich
13%
DBTrevin Wade
13%
DEKerry Wynn
12%
SNat Berhe
12%
TWill Beatty
11%
DTJay Bromley
9%
CBCoty Sensabaugh
6%
CWeston Richburgh
6%
LBDeontae Skinner
3%
DEOwa Odighizuwa
0%

Score Distribution

Percentile by Number Answered

Percent of People with Each Score

Your Score History

You have not taken this quiz